One man, one matchet /. (Record no. 42657)
[ view plain ]
| 000 -LEADER | |
|---|---|
| fixed length control field | 00437nam a22001691a 4500 |
| 003 - CONTROL NUMBER IDENTIFIER | |
| control field | NEGST |
| 005 - DATE AND TIME OF LATEST TRANSACTION | |
| control field | 20110718133836.0 |
| 008 - FIXED-LENGTH DATA ELEMENTS--GENERAL INFORMATION | |
| fixed length control field | 030618s1964 001 0 eng d |
| 100 1# - MAIN ENTRY--PERSONAL NAME | |
| Personal name | Aluko, T M, |
| Dates associated with a name | 1918- |
| 245 10 - TITLE STATEMENT | |
| Title | One man, one matchet /. |
| 260 ## - PUBLICATION, DISTRIBUTION, ETC. (IMPRINT) | |
| Place of publication, distribution, etc | London : |
| Name of publisher, distributor, etc | Heinemann, |
| Date of publication, distribution, etc | c1964. |
| 300 ## - PHYSICAL DESCRIPTION | |
| Extent | 196p. |
| 440 #0 - SERIES STATEMENT/ADDED ENTRY--TITLE | |
| Title | African writers series ; |
| Volume number/sequential designation | 11 |
| 590 ## - LOCAL NOTE (RLIN) | |
| Local note | Accession number: 21269 |
| 650 #0 - SUBJECT ADDED ENTRY--TOPICAL TERM | |
| Topical term or geographic name as entry element | African fiction. |
| Withdrawn status | Lost status | Source of classification or shelving scheme | Damaged status | Not for loan | Collection code | Home library | Current library | Shelving location | Date acquired | Cost, normal purchase price | Total Checkouts | Total Renewals | Full call number | Barcode | Date last seen | Date checked out | Copy number | Price effective from | Koha item type |
|---|---|---|---|---|---|---|---|---|---|---|---|---|---|---|---|---|---|---|---|
| Library of Congress Classification | Fiction | AIU/NEGST - Tony Wilmot Memorial Library | AIU/NEGST - Tony Wilmot Memorial Library | Fiction | 01/22/2010 | 8.65 | 8 | 2 | FIC PZ 4.A468 1964 | R08360F3232 | 02/10/2026 | 01/19/2026 | 1 | 01/22/2010 | Books |
